Το κάστρο της Ζακύνθου
Αποθηκεύτηκε σε:
| Κύριος συγγραφέας: | |
|---|---|
| Συγγραφή απο Οργανισμό/Αρχή: | |
| Μορφή: | Βιβλίο |
| Γλώσσα: | Greek |
| Δημοσίευση: |
Αθήνα :
Ταμείο Αρχαιολογικών Πόρων και Απαλλοτριώσεων, Διεύθυνση δημοσιευμάτων,
2003.
|
| Θέματα: | |
| Ετικέτες: |
Προσθήκη ετικέτας
Δεν υπάρχουν, Καταχωρήστε ετικέτα πρώτοι!
|
MARC
| LEADER | 00000cam a2200000 a 4500 | ||
|---|---|---|---|
| 001 | 1/111935 | ||
| 008 | 160916s2003####gr p ||| |||| ||gre|| | ||
| 020 | |a 960214050X | ||
| 040 | |a GR-MyUa |b gre |c GR-MyUa |e AACR2 | ||
| 041 | 0 | |a gre | |
| 082 | 7 | |a 728.8109495 |2 (23) | |
| 100 | 1 | |a Μυλωνά, Ζωή Α. | |
| 245 | 1 | 3 | |a Το κάστρο της Ζακύνθου / |c Ζωή Α. Μυλωνά ; Υπουργείο Πολιτισμού, Ταμείο Αρχαιολογικών Πόρων και Απαλλοτριώσεων. |
| 260 | |a Αθήνα : |b Ταμείο Αρχαιολογικών Πόρων και Απαλλοτριώσεων, Διεύθυνση δημοσιευμάτων, |c 2003. | ||
| 300 | |a 56 σ. : |b εικ. ; |c 26 εκ. | ||
| 500 | |a Γενική επιμέλεια: Ντιάνα Ζαφειροπούλου, επιμέλεια κειμένου: Αγγελική Βοσκάκη. | ||
| 650 | 0 | |a Castles |z Greece |z Zakynthos. | |
| 650 | 0 | |a Historic sites |z Greece |z Zakynthos. | |
| 710 | 2 | |a Υπουργείο Πολιτισμού. |b Ταμείο Αρχαιολογικών Πόρων και Απαλλοτριώσεων. | |
| 852 | |a INST |b LESVOS |e 20160916 |h 728.8109495 ΜΥΛ |p 005100058277 |q 005100058277 |t BK |y 0 | ||
| 970 | |a Τζαφέρη |b Ευαγγελία |z 16-09-2016 | ||